书目信息 |
| 题名: |
健康土壤学-土壤健康质量与农产品安全
|
|
| 作者: | 周启星 主编 | |
| 分册: | ||
| 出版信息: | 北京 科学出版社 2005.70 |
|
| 页数: | ||
| 开本: | 16开 | |
| 丛书名: | ||
| 单 册: | ||
| 中图分类: | S3 | |
| 科图分类: | ||
| 主题词: | 农学 | |
| 电子资源: | ||
| ISBN: | 7-03-015199-2 | |
| 000 | 00574nam0 2200181 450 | |
| 001 | 0736196517 | |
| 005 | 20070924100316.51 | |
| 010 | @a7-03-015199-2@d¥49.00 | |
| 100 | @a20070924d km y0chiy0120 ea | |
| 101 | 0 | @achi |
| 200 | 1 | @a健康土壤学-土壤健康质量与农产品安全@Ajian kang tu rang xue-tu rang jian kang zhi liang yu nong chan pin an quan@f周启星 主编@Fzhou qi xing zhu bian |
| 210 | @a北京@c科学出版社@d2005.70 | |
| 215 | @d16开 | |
| 606 | 0 | @a农学 |
| 690 | @aS3@v3 | |
| 701 | 0 | @a周启星@Azhou qi xing@4主编 |
| 801 | 0 | @aCN@bPFT@c20070924 |
| 905 | @a213230@dS3@eZY11@f1 | |
| 健康土壤学-土壤健康质量与农产品安全/周启星 主编.-北京:科学出版社,2005.70 |
| 16开 |
| ISBN 7-03-015199-2:¥49.00 |
| ● |
| 相关链接 |
|
|
|
|
正题名:健康土壤学-土壤健康质量与农产品安全
索取号:S3/ZY11
 
预约/预借
| 序号 | 登录号 | 条形码 | 馆藏地/架位号 | 状态 | 备注 |
| 1 | 7901783 | 279017831 | 密集书库-资源管理系/ [索取号:S3/ZY11] | 在馆 |